Návrh opatrení na zefektívnenie značenia vstupného materiálu a zlepšenie fungovania skladu hutného materiálu v spoločnosti ŽOS Trnava, a. s.

Enregistré dans:
Détails bibliographiques
Auteur principal: Kratochvíl, Vojtech, 1974- (Auteur)
Autres auteurs: Makyšová, Helena, 1976- (Directeur de thèse)
Format: Manuscrit Livre
Langue:slovaque
Publié: STU v Bratislave MTF UPMK, 2010
Sujets:
Accès en ligne:VAIS
Tags: Ajouter un tag
Pas de tags, Soyez le premier à ajouter un tag!

MARC

LEADER 00000ntm a22000003a 4500
001 stu207149
005 20160719160203.2
008 100710s2010------------------------slo-d
040 |a STU  |b slo 
041 0 |a slo 
100 1 |a Kratochvíl, Vojtech,  |d 1974-  |4 aut  |X 38432  |7 A000038432 
242 0 0 |a Proposal of measures for effective marking of input material and better storage function of material of the matallurgical company ŽOS Trnava, a.s.  |y eng 
245 1 |a Návrh opatrení na zefektívnenie značenia vstupného materiálu a zlepšenie fungovania skladu hutného materiálu v spoločnosti ŽOS Trnava, a. s. 
260 |b STU v Bratislave MTF UPMK,  |c 2010 
650 7 |a skladové hospodárstvo  |2 stusub 
650 7 |a čiarový kód  |2 stusub 
700 1 |a Makyšová, Helena,  |d 1976-  |4 ths  |u M4000  |U MTF Materiálovotechnologická fakulta  |T MTF Ústav priemyselného inžinierstva a manažmentu  |X 2772  |U M4000  |Y 84  |7 A000002772 
856 4 |a info a plný text  |u http://is.stuba.sk/zp/portal_zp.pl?podrobnosti=27244  |3 VAIS 
996 |c M*BP-4436  |l MMSKP  |s P  |a 0  |w stu207149_0001